<?xml version="1.0" encoding="UTF-8"?>
<record
    xmlns:xsi="http://www.w3.org/2001/XMLSchema-instance"
    xsi:schemaLocation="http://www.loc.gov/MARC21/slim http://www.loc.gov/standards/marcxml/schema/MARC21slim.xsd"
    xmlns="http://www.loc.gov/MARC21/slim">

  <leader>00336nam a22000977a 4500</leader>
  <controlfield tag="008">230829b        |||||||| |||| 00| 0 eng d</controlfield>
  <datafield tag="040" ind1=" " ind2=" ">
    <subfield code="a">National Science Library</subfield>
    <subfield code="c">National Science Library</subfield>
  </datafield>
  <datafield tag="245" ind1=" " ind2=" ">
    <subfield code="a">Wire &amp; wire products: </subfield>
    <subfield code="b">Intentional magazine of wiremaking and marketing </subfield>
  </datafield>
  <datafield tag="260" ind1=" " ind2=" ">
    <subfield code="a">Georgia: </subfield>
    <subfield code="b">Southwire Company, </subfield>
  </datafield>
  <datafield tag="942" ind1=" " ind2=" ">
    <subfield code="c">CR</subfield>
    <subfield code="2">udc</subfield>
  </datafield>
  <datafield tag="999" ind1=" " ind2=" ">
    <subfield code="c">59948</subfield>
    <subfield code="d">59948</subfield>
  </datafield>
  <datafield tag="952" ind1=" " ind2=" ">
    <subfield code="0">0</subfield>
    <subfield code="1">0</subfield>
    <subfield code="3">Vol. 48, 1973</subfield>
    <subfield code="4">0</subfield>
    <subfield code="7">0</subfield>
    <subfield code="9">131440</subfield>
    <subfield code="a">NSL</subfield>
    <subfield code="b">NSL</subfield>
    <subfield code="c">SF/Rk-44/C-10/R-4</subfield>
    <subfield code="d">1974-04-16</subfield>
    <subfield code="l">0</subfield>
    <subfield code="p">50977</subfield>
    <subfield code="r">2023-08-29 00:00:00</subfield>
    <subfield code="w">1974-04-16</subfield>
    <subfield code="y">CR</subfield>
  </datafield>
  <datafield tag="952" ind1=" " ind2=" ">
    <subfield code="0">0</subfield>
    <subfield code="1">0</subfield>
    <subfield code="3">Vol. 47, 1972</subfield>
    <subfield code="4">0</subfield>
    <subfield code="7">0</subfield>
    <subfield code="9">131444</subfield>
    <subfield code="a">NSL</subfield>
    <subfield code="b">NSL</subfield>
    <subfield code="c">SF/Rk-44/C-10/R-4</subfield>
    <subfield code="d">1974-04-16</subfield>
    <subfield code="l">0</subfield>
    <subfield code="p">50976</subfield>
    <subfield code="r">2023-08-29 00:00:00</subfield>
    <subfield code="w">1974-04-16</subfield>
    <subfield code="y">CR</subfield>
  </datafield>
  <datafield tag="952" ind1=" " ind2=" ">
    <subfield code="0">0</subfield>
    <subfield code="1">0</subfield>
    <subfield code="3">Vol. 46, 1971</subfield>
    <subfield code="4">0</subfield>
    <subfield code="7">0</subfield>
    <subfield code="9">131448</subfield>
    <subfield code="a">NSL</subfield>
    <subfield code="b">NSL</subfield>
    <subfield code="c">SF/Rk-44/C-10/R-4</subfield>
    <subfield code="d">1974-04-16</subfield>
    <subfield code="l">0</subfield>
    <subfield code="p">50975</subfield>
    <subfield code="r">2023-08-29 00:00:00</subfield>
    <subfield code="w">1974-04-16</subfield>
    <subfield code="y">CR</subfield>
  </datafield>
  <datafield tag="952" ind1=" " ind2=" ">
    <subfield code="0">0</subfield>
    <subfield code="1">0</subfield>
    <subfield code="3">Vol. 43, 1968</subfield>
    <subfield code="4">0</subfield>
    <subfield code="7">0</subfield>
    <subfield code="9">131457</subfield>
    <subfield code="a">NSL</subfield>
    <subfield code="b">NSL</subfield>
    <subfield code="c">SF/Rk-44/C-10/R-4</subfield>
    <subfield code="d">1974-03-06</subfield>
    <subfield code="l">0</subfield>
    <subfield code="p">50449</subfield>
    <subfield code="r">2023-08-29 00:00:00</subfield>
    <subfield code="w">1974-03-06</subfield>
    <subfield code="y">CR</subfield>
  </datafield>
</record>
